| 000 | 00389 a2200169 4500 | ||
|---|---|---|---|
| 001 | 44454 | ||
| 020 | _a8526248855 | ||
| 040 | _cAnchieta - Aquarius | ||
| 100 | _aCapdevila, Roser | ||
| 240 | 1 | 0 |
_a#As trigêmeas e Barba Azul _lpor |
| 245 | 1 | 0 | _a#As trigêmeas e Barba Azul |
| 300 | _a31 | ||
| 362 | 0 | _a2003 | |
| 440 | 1 | _aScipione | |
| 650 | 4 | _aLiteratura infanto-juvenil | |
| 942 | _cBK | ||
| 999 |
_c44454 _d44454 |
||